Najpopularniejsze imiona męskie nadawane w I połowie 2021 r. A-Z - Statystyki

Ogólne statystyki
  • Ten quiz został rozwiązany 623 razy
  • Średni wynik to 13 z 26
Statystyki odpowiedzi
Liczba Imię % Poprawnych
B 843 Bartosz
85%
J 3,53 tys. Jan
78%
F 3,25 tys. Franciszek
77%
Ł 163 Łukasz
76%
P 1,18 tys. Piotr
74%
A 3,86 tys. Antoni
72%
D 839 Dawid
58%
N 2,08 tys. Nikodem
57%
C 455 Cezary
56%
E 277 Eryk
56%
I 2,19 tys. Ignacy
56%
S 2,57 tys. Szymon
56%
K 1,85 tys. Kacper
55%
H 675 Hubert
52%
L 2,47 tys. Leon
50%
O 1,3 tys. Oliwier
49%
W 2,15 tys. Wojciech
45%
G 794 Gabriel
43%
Z 46 Zbigniew
40%
M 2,53 tys. Mikołaj
37%
T 1,88 tys. Tymon
35%
X 12 Xavier
26%
R 210 Ryszard
25%
V 26 Vincent
12%
U 2 Usman
1%
Y 9 Yaroslav
1%
Nie znaleziono quizów pasujących do podanych kryteriów
Rozkład punktacji
Procent ludzi z każdym wynikiem
Percentyl według liczby udzielonych odpowiedzi
Twoja historia wyników
Nie rozwiązałeś tego quizu